Statystyki dla Matematyczne działania

Kliknij tutaj aby rozwiązać quiz!

Ogólne statystyki

  • Ten quiz został rozwiązany 171 razy
  • Średni wynik to 12 z 15

Statystyki odpowiedzi

HintOdpowiedź% Poprawnych
2+24
99%
2+2×2
6
98%
2²+3
7
96%
27
95%
123×00
94%
7²×2²196
86%
1³²+10²
101
85%
x+10=0-10
83%
x²=4|2|
79%
√a²a
79%
12√936
65%
log(10²³)23
56%
7log√7(7)14
53%
[1+(-2)]²
1
52%
log(10³)3
31%

Rozkład punktacji

Percentyl według liczby udzielonych odpowiedzi

Procent ludzi z każdym wynikiem

Twoja historia wyników

Nie rozwiązałeś tego quizu